|
|
|
|
| LEADER |
00000nam0a2200000 4500 |
| 001 |
93332 |
| 005 |
20231031105137.0 |
| 010 |
|
|
|a 5283001962
|
| 020 |
|
|
|a RU
|b 91-53761
|
| 035 |
|
|
|a (RuTPU)RU\TPU\book\99942
|
| 090 |
|
|
|a 93332
|
| 100 |
|
|
|a 20060328d1991 km y0rusy5003 ca
|
| 101 |
0 |
|
|a rus
|
| 102 |
|
|
|a RU
|
| 105 |
|
|
|a a z 001zy
|
| 200 |
1 |
|
|a Модернизация распылительных и барабанных сушильных установок
|f Г. С. Кабалдин
|
| 210 |
|
|
|a Москва
|c Энергоатомиздат
|d 1991
|
| 215 |
|
|
|a 112,[1] с.
|c ил.
|d 21 см
|
| 225 |
1 |
|
|a ЭТЭ
|e Экономия топлива и электроэнергии
|
| 320 |
|
|
|a Библиогр.: с. 109-113 (76 назв.)
|
| 610 |
1 |
|
|a сушилки
|
| 610 |
1 |
|
|a модернизация
|
| 610 |
1 |
|
|a химическая технология
|
| 610 |
1 |
|
|a барабанные сушилки
|
| 610 |
1 |
|
|a сушильные установки
|
| 610 |
1 |
|
|a сушильные устройства
|
| 610 |
1 |
|
|a распылительные сушилки
|
| 675 |
|
|
|a 66.047
|z rus
|
| 700 |
|
1 |
|a Кабалдин
|b Г. С.
|g Георгий Степанович
|4 070
|
| 801 |
|
0 |
|a RU
|b RuMRKP
|c 19950417
|g psbo
|
| 801 |
|
1 |
|a RU
|b 63413507
|c 20060328
|g PSBO
|
| 801 |
|
2 |
|a RU
|b 63413507
|c 20081011
|g PSBO
|
| 942 |
|
|
|c BK
|